Movies Quiz

Random Movies Quiz

Food quotes Quiz Stats

 Plays Quiz not verified by Sporcle

Challenge
Share
Tweet
Embed
Score 0/24 Timer 06:00
0 Plays Today
Food-related quote Film % Correct
'I ate his liver with some fava beans and a nice chianti'Silence of the Lambs
77.8%
'I drink your milkshake. I drink it up.'There Will Be Blood
62.2%
'This is a tasty burger'Pulp Fiction
51.1%
'I love scotch. Scotchy scotch scotch'Anchorman
50%
'Everybody likes parfait'Shrek
43.3%
'I am not drinking any **** merlot!'Sideways
43.3%
'Try the grey stuff - it's delicious!'Beauty and the Beast
26.7%
'Do you take sugar?' 'No thank you, Turkish. I'm sweet enough'Snatch
24.4%
'I don't wanna be in a pie - I don't like gravy'Chicken Run
21.1%
'Four hours of cooking and a feast of blue soup, omelette and marmelade. I think that deserves a toast, don't you?'Bridget Jones' Diary
16.7%
'You keep nasty chips'Lord of the Rings - The Two Towers
13.3%
'This pork is the best I've ever had, in fact it's too good. It's so good that after I get the check I will go straight to the kitchen and kill the chef'Once Upon a Time in Mexico
10%
Food-related quote Film % Correct
'It's got grey icing. I can't even begin to think how you make grey icing'Steel Magnolias
10%
'I love eggs benedict. I hate every other kind'Runaway Bride
10%
'We're going to need considerably bigger buns'Calendar Girls
8.9%
'At least you'll never be a vegetable - even artichokes have hearts'Amelie
8.9%
'I'm nice. I really am. Apart from my terrible taste in pie'Love Actually
8.9%
'Oh, remember those nice juicy cuts of beef? Forget 'em. Leftover baby food'Lady and the Tramp
7.8%
'My mother used to make fresh madeleines every morning'Transporter
7.8%
'Everybody knows the moon is made of cheese'Wallace and Gromit - A Grand Day Out
6.7%
'Let me buy you a cheeseburger. The sky's the limit, up to seven dollars...and 84 cents'Spiderman
6.7%
'I'll eat anything you want me to eat. I'll swallow anything you want me to swallow'Beetlejuice
5.6%
'Where's my cheesecake, Charlie?'Carlito's Way
3.3%
'I only like all-natural foods and beverages, organically grown, with no preservatives. Are you sure they're real lemons?'Adams Family Values
2.2%

You're not logged in!

Compare scores with friends on all Sporcle quizzes.
OR
Log In

You Might Also Like...

Show Comments

Extras

Created Aug 29, 2010ReportNominate

Top Quizzes Today


Score Distribution

Your Account Isn't Verified!

In order to create a playlist on Sporcle, you need to verify the email address you used during registration. Go to your Sporcle Settings to finish the process.

Report this User

Report this user for behavior that violates our Community Guidelines.

Details: